000 00775nam a22002177a 4500
999 _c17770
_d17770
003 AR-CdUCM
008 190509b ||||| |||| 00| 0 spa d
040 _aMUNICIPALIDAD PROVINCIAL DEL CUSCO
_cBIBLIOTECA MUNICIPAL DEL CUSCO
082 _28ed.
_a129.61 /
_bOR73
100 _aOrtega, y Gasset, José
_95772
245 _a¿Que es la filosofía? /
260 _aMadrid :
_bRevista de occidente,
_c1972.
300 _a264 páginas ;
440 _aColección el arquero
_914561
505 _aContenido : ¿Que es la filosofía? -- La filosofía de hoy -- Reducción y expansión de la filosofía -- El tema de nuestro tiempo ...
650 _aFilosofía
_9395
650 _aPensamiento
_9461
650 _aSiglo XX
_98
942 _2ddc
_cLIBROS
945 _arah
_d09/05/2019